<?xml version="1.0" encoding="UTF-8"?>
<record
    xmlns:xsi="http://www.w3.org/2001/XMLSchema-instance"
    xsi:schemaLocation="http://www.loc.gov/MARC21/slim http://www.loc.gov/standards/marcxml/schema/MARC21slim.xsd"
    xmlns="http://www.loc.gov/MARC21/slim">

  <leader>00724nam a2200229Ia 4500</leader>
  <controlfield tag="008">100315s9999    xx            000 0 und d</controlfield>
  <datafield tag="020" ind1=" " ind2=" ">
    <subfield code="a">9812401229&#xA0;</subfield>
  </datafield>
  <datafield tag="040" ind1=" " ind2=" ">
    <subfield code="c">ENGLISH&#xA0;</subfield>
  </datafield>
  <datafield tag="082" ind1=" " ind2=" ">
    <subfield code="b">3961&#xA0;</subfield>
    <subfield code="a">658.834&#xA0;</subfield>
  </datafield>
  <datafield tag="100" ind1=" " ind2=" ">
    <subfield code="a">"Assael, Henry "</subfield>
  </datafield>
  <datafield tag="245" ind1=" " ind2=" ">
    <subfield code="a">Consumer Behaviour &amp; Marketing Action</subfield>
  </datafield>
  <datafield tag="250" ind1=" " ind2=" ">
    <subfield code="a">6th&#xA0;</subfield>
  </datafield>
  <datafield tag="260" ind1=" " ind2=" ">
    <subfield code="a">New Delhi&#xA0;</subfield>
    <subfield code="b">Thomson Learning/ Asian Book &#xA0;</subfield>
    <subfield code="c">2001&#xA0;</subfield>
  </datafield>
  <datafield tag="300" ind1=" " ind2=" ">
    <subfield code="a">718p.&#xA0; </subfield>
  </datafield>
  <datafield tag="365" ind1=" " ind2=" ">
    <subfield code="e">Rupees&#xA0;</subfield>
    <subfield code="d">1&#xA0;</subfield>
    <subfield code="b">375.00&#xA0;</subfield>
  </datafield>
  <datafield tag="366" ind1=" " ind2=" ">
    <subfield code="f">0&#xA0;</subfield>
  </datafield>
  <datafield tag="505" ind1=" " ind2=" ">
    <subfield code="g">Tushar Jadhav&#xA0;</subfield>
  </datafield>
  <datafield tag="620" ind1=" " ind2=" ">
    <subfield code="a">"Consumer Behavior : A Managerial &amp; Consumer Perspective,Consumer Decision Making&#xA0;"</subfield>
  </datafield>
  <datafield tag="630" ind1=" " ind2=" ">
    <subfield code="a">Consumer Behaviour &amp; Marketing Action</subfield>
  </datafield>
  <datafield tag="730" ind1=" " ind2=" ">
    <subfield code="a">Consumer Behaviour &amp; Marketing Action</subfield>
  </datafield>
  <datafield tag="942" ind1=" " ind2=" ">
    <subfield code="c">BOOK</subfield>
  </datafield>
  <datafield tag="999" ind1=" " ind2=" ">
    <subfield code="c">478696</subfield>
    <subfield code="d">478693</subfield>
  </datafield>
  <datafield tag="952" ind1=" " ind2=" ">
    <subfield code="0">0</subfield>
    <subfield code="1">0</subfield>
    <subfield code="4">0</subfield>
    <subfield code="7">0</subfield>
    <subfield code="a">VPMBRIMS</subfield>
    <subfield code="b">VPMBRIMS</subfield>
    <subfield code="d">2005-12-09</subfield>
    <subfield code="g">375.00</subfield>
    <subfield code="l">0</subfield>
    <subfield code="o">658.834&#xA0;/ASS&#xA0; 3961&#xA0;</subfield>
    <subfield code="p">VPMBRIMS-3961&#xA0;</subfield>
    <subfield code="r">2010-03-19 00:00:00</subfield>
    <subfield code="w">2010-03-19</subfield>
    <subfield code="y">BOOK</subfield>
  </datafield>
</record>
